France d'outre-mer - Gentilés - Statistiques

Statistiques générales
  • Ce quiz a été pris 15 fois
  • Le résultat moyen est 8 sur 13
Statistiques - réponses
Territoire Gentilé % Correct
La Réunion Réunionnais
93%
Guadeloupe Guadeloupéen
87%
Martinique Martiniquais
87%
Nouvelle-Calédonie Calédonien
80%
Guyane Guyanais
80%
Polynésie française Polynésien
80%
Wallis-et-Futuna (Wallis) Wallisien
67%
Saint-Pierre-et-Miquelon (Miquelon) Miquelonais
47%
Wallis-et-Futuna (Futuna) Futunien
33%
Mayotte Mahorais
33%
Saint-Barthélemy Barthéloméen
27%
Saint-Martin Saint-Martinois
27%
Saint-Pierre-et-Miquelon (Saint-Pierre) Saint-Pierrais
20%
Aucun quiz correspondant
Distribution des résultats
% des personnes avec chaque résultat
Percentile par nombre de réponses
Votre historique - résultats
Vous n’avez pas pris ce quiz